<?xml version="1.0" encoding="UTF-8"?><?xml-stylesheet type="text/xsl" href="static/style.xsl"?><OAI-PMH xmlns="http://www.openarchives.org/OAI/2.0/" xmlns:xsi="http://www.w3.org/2001/XMLSchema-instance" xsi:schemaLocation="http://www.openarchives.org/OAI/2.0/ http://www.openarchives.org/OAI/2.0/OAI-PMH.xsd"><responseDate>2026-04-28T19:48:38Z</responseDate><request verb="GetRecord" identifier="oai:uvadoc.uva.es:10324/70037" metadataPrefix="marc">https://uvadoc.uva.es/oai/request</request><GetRecord><record><header><identifier>oai:uvadoc.uva.es:10324/70037</identifier><datestamp>2025-02-21T07:07:44Z</datestamp><setSpec>com_10324_38</setSpec><setSpec>col_10324_852</setSpec></header><metadata><record xmlns="http://www.loc.gov/MARC21/slim" xmlns:doc="http://www.lyncode.com/xoai" xmlns:xsi="http://www.w3.org/2001/XMLSchema-instance" xmlns:dcterms="http://purl.org/dc/terms/" xsi:schemaLocation="http://www.loc.gov/MARC21/slim http://www.loc.gov/standards/marcxml/schema/MARC21slim.xsd">
<leader>00925njm 22002777a 4500</leader>
<datafield tag="042" ind1=" " ind2=" ">
<subfield code="a">dc</subfield>
</datafield>
<datafield tag="720" ind1=" " ind2=" ">
<subfield code="a">Gil Herrero, Samuel</subfield>
<subfield code="e">author</subfield>
</datafield>
<datafield tag="260" ind1=" " ind2=" ">
<subfield code="c">2024</subfield>
</datafield>
<datafield tag="520" ind1=" " ind2=" ">
<subfield code="a">La propuesta que a continuación se detalla está enfocada hacía las nuevas tecnologías, y más concretamente hacía el ámbito de la robótica. La robótica es un concepto que satisface al alumnado, y precisamente la motivación es un aspecto que se plantea como clave a lo largo de todo el planteamiento.&#xd;
Para dar luz a todo ello, se presenta una intervención educativa enfocada hacia la etapa de educación primaria para trabajar un contenido concreto del área de matemáticas, pero este recurso es totalmente extrapolable a cualquier otro contenido de la etapa, con lo cual, el kit de robótica Super-doc es una herramienta muy útil tanto para el alumnado, como para los docentes. El uso de las nuevas tecnologías entre los docentes es un tema que será abordado a lo largo del documento apoyándonos en los números estudios que plantean el uso de las nuevas tecnologías como un elemento eficaz.&#xd;
La puesta en práctica en el aula espera obtener resultados positivos si tenemos en cuenta que la motivación vendrá de la mano del pequeño kit de robótica, y que todo contenido expuesto desde la motivación aumenta las probabilidades de éxito</subfield>
</datafield>
<datafield tag="024" ind2=" " ind1="8">
<subfield code="a">https://uvadoc.uva.es/handle/10324/70037</subfield>
</datafield>
<datafield tag="245" ind1="0" ind2="0">
<subfield code="a">Intervención con robótica educativa mediante la herramienta super-doc para la mejor de la motivación en educación primaria</subfield>
</datafield>
</record></metadata></record></GetRecord></OAI-PMH>